| 000 | 00591nam a2200193Ia 4500 | ||
|---|---|---|---|
| 003 | GCL | ||
| 005 | 20240530095600.0 | ||
| 008 | 140319s9999 xx 000 0 ara d | ||
| 020 | _a9772352451 | ||
| 040 |
_aGCL / _cGCL |
||
| 082 | 0 | 4 |
_a932 _bق/م د |
| 245 | 1 | 0 | _aدليل اثار محافظة كفر الشيخ |
| 260 |
_aالقاهرة : _bالمجلس الاعلى للاثار ، _c1994 |
||
| 300 |
_a ؛ _c16 سم |
||
| 650 | 0 | 4 | _aالحضارة الفرعونية |
| 650 | 0 | 4 | _aمصر - الاثار الفرعونية |
| 650 | 0 | 4 | _aكفر الشيخ - اثار |
| 942 |
_2ddc _cBK |
||
| 999 |
_c8572 _d8572 |
||